Music Quiz

Random Music or Bands Quiz
Score 0/30 Timer 10:00
0 Plays Today
Guitarist Band % Correct
Pete TownshendThe Who
97.5%
Kurt CobainNirvana
97.5%
Brian MayQueen
97.5%
George HarrisonThe Beatles
97.5%
Keith RichardsThe Rolling Stones
97.5%
Lindsey BuckinghamFleetwood Mac
95%
Angus YoungAC/DC
95%
The EdgeU2
95%
SlashGuns 'n' Roses
95%
Jimmy PageLed Zeppelin
92.5%
Mark KnopflerDire Straits
92.5%
Richie BlackmoreDeep Purple
87.5%
Billy GibbonsZZ Top
87.5%
Kirk HammettMetallica
85%
David GilmourPink Floyd
85%
Guitarist Band % Correct
Joe PerryAerosmith
85%
Tony IommiBlack Sabbath
82.5%
Tom MorelloRage Against the Machine
80%
Alex LifesonRush
80%
John FruscianteRed Hot Chili Peppers
80%
Jerry GarciaGrateful Dead
80%
Mick JonesThe Clash
75%
Dave DaviesThe Kinks
75%
Robby KriegerThe Doors
70%
Don FelderEagles
67.5%
Neil SchonJourney
67.5%
Mike McCreadyPearl Jam
57.5%
Dickey BettsThe Allman Brothers Band
55%
Roger McGuinnThe Byrds
47.5%
Garry RossingtonLynyrd Skynyrd
42.5%
Come Together.
Have Fun.
All Virtual.
We all need to come together. Play Sporcle's virtual live trivia to have fun, connect with people, and get your trivia on. Join a live hosted trivia game for your favorite pub trivia experience done virtually. If a virtual private party is more your thing, go here for details.

You're not logged in!

Compare scores with friends on all Sporcle quizzes.
OR
Log In

Sporcle TV

Today on Sporcle TV


Watch our educational content, quiz creation guides, and fun videos on Sporcle TV.

Show Comments

Extras

Top Quizzes Today


Score Distribution

Paid Content

Your Account Isn't Verified!

In order to create a playlist on Sporcle, you need to verify the email address you used during registration. Go to your Sporcle Settings to finish the process.

Report this User

Report this user for behavior that violates our Community Guidelines.

Details: